000 00417cam a22001337a 4500
008 180718b1972 xxu||||| |||| 00| 0 eng d
082 _aN4x5421 Ut8/1972
100 _aUttar Pradesh. Police Commission
245 _aReport of the Uttar Pradesh Police Commission, 1970-71
260 _aLucknow
_bThe author
_c1972
300 _a287+p.
500 _aChairman: Gangeshwar Prasad
700 _aPrasad, Gangeshwar (Chairman)
999 _c489498
_d489498